000 00644pab a2200217 454500
008 180718b2011 xxu||||| |||| 00| 0 eng d
100 _aBhattacharjee, Jayanti
245 _aEconomic growth, human capital accumulation and liberalization: A time series evidence from India
260 _c2011
300 _ap.385-400.
362 _aOct
650 _aLiberalization - India
650 _aHuman capital - India
650 _aEconomic liberalization - India
650 _aEconomic growth - India
650 _aEconomic growth
700 _aHaldar, Sushil Kr.
773 _aIndian Journal of Economics
908 _aN
909 _a97022
999 _c97022
_d97022